| 000 | 00745cab a2200241 4500 | ||
|---|---|---|---|
| 001 | ABS58387 | ||
| 008 | 090401t1998 xxu||||| |||| 00| 0 eng d | ||
| 035 | _a(Sirsi) u85283 | ||
| 041 | _aeng | ||
| 100 | _aBrewer, G. | ||
| 245 | _aBonded to performance | ||
| 260 | _c1998 | ||
| 350 | _a0 | ||
| 490 |
_aContract Journal _v392(6167) 18 March 1998, 28(1) |
||
| 520 | _aConsiders release of obligations under performance bonds in "De Vere Hotels Ltd v Aegon Insurance Company UK Ltd". | ||
| 650 | _aDE VERE HOTELS LTD V AEGON INSURANCE CO (UK) LTD | ||
| 650 | _aLIABILITY | ||
| 650 | _aPERFORMANCE BONDS | ||
| 650 | _aPRACTICAL COMPLETION | ||
| 690 | _aBUILT ENVIRONMENT-BUILDING CONTRACT FORMS | ||
| 942 | _n0 | ||
| 948 | _c27/03/1998 | ||
| 999 |
_c53620 _d53620 |
||